Al·legacions al Pla de l'Energia de Catalunya 2006 - 2015 i exposició de motius / Grup de treball d'Energia i Canvi climàtic de la Xarxa de Ciutats i Pobles cap a la Sostenibilitat
Descripción Física:
19 p. ; 30 cm
MARC
| LEADER | 00000nam a2200000Ia 4500 | ||
|---|---|---|---|
| 001 | 20864 | ||
| 008 | 160829s2005 xx 000 0 cat d | ||
| 080 | |a FU-22-2 | ||
| 110 | 2 | |a Xarxa de Ciutats i Pobles cap a la Sostenibilitat |9 53477 | |
| 245 | |a Al·legacions al Pla de l'Energia de Catalunya 2006 - 2015 i exposició de motius / Grup de treball d'Energia i Canvi climàtic de la Xarxa de Ciutats i Pobles cap a la Sostenibilitat | ||
| 260 | |a Barcelona : |b Diputació de Barcelona. Àrea de Medi Ambient, |c 2005 | ||
| 300 | |a 19 p. ; |c 30 cm | ||
| 650 | |a Pla de l'Energia de Catalunya 2006 - 2015 |9 41206 | ||
| 650 | |a Escrits d'al·legacions |9 41207 | ||
| 710 | |a Barcelona (Catalunya : Província). |b Àrea de Medi Ambient |9 52987 | ||
| 901 | |a Arxiu | ||
| 942 | |n 1 | ||
| 952 | |0 0 |1 0 |4 0 |6 FU222 |7 1 |9 50084 |a Arxiu |b Arxiu |d 2016-12-01 |l 0 |o FU-22-2 |p 20864 |r 2016-12-01 00:00:00 |w 2016-12-01 |y ARXIU | ||
| 999 | |c 53926 |d 53926 | ||